[Event "2015 Server Team Ch - Div 2"]
[Site "CCLA"]
[Date "2015.10.30"]
[Round "?"]
[White "Young III, William C."]
[Black "Deskin, Gary"]
[Result "1/2-1/2"]
[WhiteElo "2013"]
[BlackElo "2128"]
[Board "1"]
[WhiteTeam "Chairmen of the Board"]
[BlackTeam "Big Red Fuzzy"]

1. e4 c6 2. d4 d5 3. e5 Bf5 4. Nf3 e6 5. Be2 Ne7 6. O-O h6 7. b3 c5 8. Be3
cxd4 9. Nxd4 Nbc6 10. f4 Nxd4 11. Bxd4 Nc6 12. c3 Be7 13. Bd3 Nxd4 14. 
cxd4 Bxd3 15. Qxd3 g6 16. Nc3 Rc8 17. g4 O-O 18. a3 f5 19. gxf5 gxf5 20. 
Ne2 Kh7 21. b4 a5 22. bxa5 Rg8+ 23. Kh1 Qxa5 24. Rab1 b6 25. Ng3 Rc3 26. 
Qd1 Bd8 27. Qh5 Rc7 28. Rg1 Qxa3 29. Nxf5 1/2-1/2

[Event "2015 Server Team Ch - Div 2"]
[Site "CCLA"]
[Date "2015.10.30"]
[Round "?"]
[White "Lewis, James W."]
[Black "Gredescul, Andrea"]
[Result "0-1"]
[WhiteElo "2114"]
[BlackElo "2070"]
[Board "3"]
[WhiteTeam "Chairmen of the Board"]
[BlackTeam "Queen & Knights"]

1. e4 c6 2. d4 d5 3. e5 Bf5 4. Nf3 e6 5. Be2 Ne7 6. O-O h6 7. Nbd2 Nd7 8. 
Nb3 g5 9. a4 Qc7 10. Bd2 a5 11. c4 Bg7 12. cxd5 Nxd5 13. Rc1 O-O 14. h4 g4
15. Ne1 f6 16. Bxg4 fxe5 17. Bxf5 Rxf5 18. dxe5 Nxe5 19. Nd4 Rf6 20. Qe2 
Raf8 21. Nef3 Nxf3+ 22. gxf3 Rg6+ 23. Kh1 Bxd4 24. Qe4 Qf7 25. Rg1 Ne7 26.
 Rxg6+ Nxg6 27. Rg1 Qxf3+ 28. Qxf3 Rxf3 29. Rxg6+ Kf7 30. Rg4 Bxb2 31. 
Bxa5 Rxf2 32. Kg1 Rf5 33. Bd2 Bg7 34. Rb4 b5 35. a5 Bf8 36. Rb2 Bc5+ 37. 
Kg2 h5 38. Bg5 Ke8 39. Rd2 Rd5 40. Kf3 Rxd2 41. Bxd2 Kd7 42. Bf4 Ba7 43. 
Be5 c5 44. Ke4 Kc6 45. Kd3 c4+ 46. Ke2 b4 47. Bf6 Bb8 0-1

[Event "Premier Quad, S50119"]
[Site "CCLA"]
[Date "2015.03.23"]
[Round "?"]
[White "Laven, George"]
[Black "Pronovost, David"]
[Result "1/2-1/2"]
[WhiteElo "1772"]
[BlackElo "1865"]

1. e4 c6 2. d4 d5 3. e5 Bf5 4. Nf3 e6 5. Be2 Nd7 6. O-O h6 7. c3 Ne7 8. 
Nh4 Bh7 9. Bd3 Bxd3 10. Qxd3 Rc8 11. f4 c5 12. Nf3 Nc6 13. f5 c4 14. Qc2 
exf5 15. Qxf5 Qe7 16. Bf4 g5 1/2-1/2

[Event "2015 Server Team Ch - Div 1, S51999"]
[Site "CCLA"]
[Date "2015.10.30"]
[Round "?"]
[White "Zaas, Peter S."]
[Black "Caliguire, John J."]
[Result "1-0"]
[WhiteElo "2333"]
[BlackElo "2092"]
[Board "3"]
[WhiteTeam "Paul Morphy's Hair"]
[BlackTeam "Pennsylvania Keystones"]

1. e4 c6 2. d4 d5 3. e5 Bf5 4. Nf3 e6 5. Be2 c5 6. Be3 cxd4 7. Nxd4 Ne7 8.
 Nd2 Nbc6 9. N2f3 Be4 10. O-O Qd7 11. c4 Rd8 12. Nb5 Nf5 13. cxd5 Nxe3 14.
 fxe3 Bxd5 15. Ng5 Nxe5 16. Qd4 f6 17. Bh5+ Ng6 18. Nxh7 Qxb5 19. Bxg6+ 
Kd7 20. Nxf8+ Rdxf8 21. e4 Rh6 22. Bf5 Qb6 23. Qxb6 axb6 24. Rad1 Kc7 25. 
exd5 exf5 26. d6+ Kd7 27. Rfe1 Rf7 28. Re3 Rh4 29. Rb3 Kd8 30. Rdd3 Ra4 
31. Rh3 Rxa2 32. Rbc3 Rf8 33. Rc7 Re8 34. Rh7 Ra1+ 35. Kf2 Rd1 36. h4 Rxd6
37. Rcxg7 Rd2+ 38. Kg3 Ree2 39. Kh3 1-0

[Event "2015 Server Team Ch - Div 2"]
[Site "CCLA"]
[Date "2015.10.30"]
[Round "?"]
[White "Evans, Stanley W."]
[Black "Hoffman, Dwayne"]
[Result "1/2-1/2"]
[WhiteElo "1717"]
[BlackElo "1863"]
[Board "6"]
[WhiteTeam "Queen & Knights"]
[BlackTeam "Chairmen of the Board"]

1. e4 c6 2. d4 d5 3. e5 Bf5 4. Nf3 e6 5. Be2 c5 6. Be3 cxd4 7. Nxd4 Ne7 8.
 O-O Nbc6 9. Bb5 a6 10. Bxc6+ bxc6 11. c4 Qd7 12. Nc3 dxc4 13. Na4 Nd5 14.
 Nxf5 exf5 15. Qe2 Nxe3 16. Qxe3 Rd8 17. Rac1 Be7 18. Rxc4 O-O 19. h3 Rfe8
20. Qc3 Qd5 21. f4 Qb5 22. b3 f6 23. e6 a5 24. Rxc6 Bb4 25. Qc4 Qxc4 26. 
bxc4 Rc8 27. Rxc8 Rxc8 28. Rc1 Kf8 29. Kf2 Ke7 30. Kf3 Kxe6 31. Nb6 Rb8 
32. c5 1/2-1/2

[Event "2015 NA Server Ch (CCLA Rules), S50169"]
[Site "CCLA"]
[Date "2015.04.27"]
[Round "?"]
[White "Edwards, K. E. D. G."]
[Black "Gredescul, Andrea"]
[Result "0-1"]
[WhiteElo "2273"]
[BlackElo "2166"]

1. e4 c6 2. d4 d5 3. e5 Bf5 4. Nc3 e6 5. g4 Bg6 6. Nge2 c5 7. h4 f6 8. Nf4
Bf7 9. exf6 cxd4 10. Qxd4 Nxf6 11. Bb5+ Nc6 12. Nd3 Bd6 13. Bxc6+ bxc6 14.
 Bf4 O-O 15. Bxd6 Qxd6 16. O-O-O Bg6 17. Qe5 Qe7 18. f3 Nd7 19. Qe3 e5 20.
 h5 Bxd3 21. Qxd3 Rab8 22. h6 g6 23. Qa6 Nb6 24. Rh3 Nc4 25. b3 Rb6 26. 
Qa4 Qc5 27. Rd3 a5 28. bxc4 dxc4 29. Rd2 Rb4 30. Qa3 Qe3 31. Rh1 Rd8 32. 
Rh2 Qg1+ 33. Nd1 Rdb8 34. c3 Rb1+ 35. Kc2 Rxd1 36. Rxd1 Qxh2+ 37. Rd2 Qg1 
38. Qc1 Qb6 39. Kd1 e4 40. Ke2 e3 41. Rd4 c5 42. Re4 Qd8 43. Kxe3 Qg5+ 44.
 f4 Qxg4 45. Kf2 Qh3 46. Re2 Qh4+ 47. Kg1 Qxh6 48. Rh2 Qg7 49. Re2 Qf6 50.
 Qe3 Rf8 51. Kg2 Qxf4 52. Qxf4 Rxf4 53. Re8+ Rf8 54. Re5 Rf5 55. Re8+ Rf8 
56. Re5 a4 57. Rxc5 Rb8 58. Rxc4 Rb2+ 59. Kf3 Rxa2 60. Rc8+ Kg7 61. Rc7+ 
Kh6 62. Ra7 Ra3 63. Kf2 Rxc3 0-1

[Event "2015 REGULAR QUAD, S50359"]
[Site "CCLA"]
[Date "2015.08.08"]
[Round "?"]
[White "Benson, Katie J."]
[Black "Cantrell, Dennis"]
[Result "1-0"]
[WhiteElo "1199"]
[BlackElo "1117"]

1. d4 c6 2. e4 d5 3. exd5 cxd5 4. Nc3 Nf6 5. Nf3 e6 6. Bb5+ Bd7 7. Bxd7+ 
Nbxd7 8. O-O Be7 9. Bf4 Rc8 10. Re1 O-O 11. Nb5 Rc6 12. c3 Rb6 13. Bc7 
Rxb5 14. Bxd8 Rxd8 15. b4 Bd6 16. a4 Rb6 17. a5 Rb5 18. h3 Rc8 19. Qd3 a6 
20. Ne5 Bxe5 21. dxe5 Ne4 22. Rac1 Nxe5 23. Qd4 f6 24. f3 1-0

[Event "2015 Server Team Champ - Div 4, S54999"]
[Site "CCLA"]
[Date "2015.10.28"]
[Round "?"]
[White "Aravind, Vasudeva R."]
[Black "Sanchez, David A."]
[Result "0-1"]
[WhiteElo "1195"]
[BlackElo "1449"]
[Board "5"]
[WhiteTeam "Pennsylvania Pawn Pushers"]
[BlackTeam "Norsemen"]

1. e4 c6 2. d4 d5 3. exd5 cxd5 4. Nc3 Bf5 5. Bd3 Bxd3 6. Qxd3 Nc6 7. Nf3 
e6 8. O-O Nf6 9. Bg5 Be7 10. Qb5 Qc7 11. Rfe1 O-O 12. a3 a6 13. Qd3 Ng4 
14. b4 Bxg5 15. b5 axb5 16. Nxb5 Qe7 17. Nc3 f6 18. h3 Nh6 19. Re2 Rxa3 
20. Rxa3 Qxa3 21. Rxe6 Nb4 22. Qe2 Qc1+ 23. Qd1 Ra8 24. Qxc1 Bxc1 0-1

[Event "2015 REGULAR QUAD, S50359"]
[Site "CCLA"]
[Date "2015.08.08"]
[Round "?"]
[White "Shaffer, Aaron"]
[Black "Cantrell, Dennis"]
[Result "1-0"]
[WhiteElo "1151"]
[BlackElo "1117"]

1. d4 c6 2. e4 d5 3. exd5 cxd5 4. Nc3 Nf6 5. Nf3 Nc6 6. Bf4 Bf5 7. Bd3 e6 
8. O-O Bd6 9. Bxd6 Qxd6 10. Bxf5 O-O 11. Bd3 a6 12. Re1 Nb4 13. a3 Nxd3 
14. Qxd3 Rac8 15. h3 Rfe8 16. Ne5 Rc7 17. Kh1 Rb8 18. f3 Nd7 19. Nxd7 Rxd7
20. Qe3 1-0

[Event "2015 REGULAR QUAD, S50259"]
[Site "CCLA"]
[Date "2015.06.10"]
[Round "?"]
[White "Williams, Rufus H."]
[Black "Bearce, Harold L."]
[Result "1-0"]
[WhiteElo "1326"]
[BlackElo "1095"]

1. e4 c6 2. d4 d5 3. exd5 cxd5 4. h3 Bf5 5. Nf3 h6 6. Nc3 e6 7. Bb5+ Nc6 
8. O-O Nf6 9. Re1 Bd6 10. a3 Qd7 11. b4 a6 12. Ba4 b5 13. Bb3 O-O 14. Ne5 
Bxe5 15. dxe5 Ne8 16. f4 Nc7 17. Qh5 Nd4 18. Ra2 Nxb3 19. cxb3 Rfd8 20. 
Ne2 d4 21. Ng3 Bh7 22. Rf1 Nd5 23. Bd2 Rac8 24. Raa1 Rc6 25. Qg4 Ne7 26. 
Nh5 Nf5 27. Nf6+ 1-0

[Event "2015 REGULAR QUAD, S50429"]
[Site "CCLA"]
[Date "2015.11.04"]
[Round "?"]
[White "Williams, Rufus H."]
[Black "Bearce, Harold L."]
[Result "0-1"]
[WhiteElo "1309"]
[BlackElo "1111"]

1. e4 c6 2. d4 d5 3. exd5 cxd5 4. Nf3 Nf6 5. h3 h6 6. Nc3 Bf5 7. Bb5+ Nbd7
8. O-O e6 9. a3 a6 10. Ba4 Bd6 11. Re1 O-O 12. Ne5 b5 13. Bb3 Rc8 14. Bf4 
Bc7 15. Qd2 Nxe5 16. Re3 Nc6 17. Bxc7 Qxc7 18. Re2 Nxd4 0-1

[Event "Pemier Quad, S50139"]
[Site "CCLA"]
[Date "2015.04.03"]
[Round "?"]
[White "Fisher Jr., Arthur"]
[Black "Blankenship, Jerry T."]
[Result "1/2-1/2"]
[WhiteElo "1698"]
[BlackElo "1564"]

1. e4 c6 2. d4 d5 3. exd5 cxd5 4. Nf3 Nf6 5. Nc3 a6 6. Bd3 Nc6 7. Bg5 Bg4 
8. Bxf6 exf6 9. O-O Bxf3 10. Qxf3 Nxd4 11. Qxd5 Qxd5 12. Nxd5 O-O-O 13. 
Ne3 Bc5 14. Nf5 Nxf5 15. Bxf5+ Kb8 16. Bd3 Rhe8 17. Rfe1 Kc7 18. Kf1 g6 
19. Rxe8 Rxe8 20. Re1 Rxe1+ 21. Kxe1 Kd6 22. Bc4 Ke7 23. Bd5 b6 24. c3 f5 
25. b4 Bd6 26. g3 f6 1/2-1/2

[Event "Premier Quad, S50079"]
[Site "CCLA"]
[Date "2015.03.04"]
[Round "?"]
[White "Beavan, Robert"]
[Black "Clancey, James"]
[Result "1-0"]
[WhiteElo "1969"]
[BlackElo "2019"]

1. d4 Nf6 2. Bf4 c5 3. e3 cxd4 4. exd4 d5 5. c3 Nc6 6. Bd3 Bg4 7. Qb3 Na5 
8. Qc2 e6 9. Nd2 Bd6 10. Bxd6 Qxd6 11. h3 Bh5 12. Ngf3 Nc6 13. O-O O-O 14.
 Rfe1 Rac8 15. a3 Rfe8 16. Re3 Bg6 17. Bxg6 hxg6 18. Rae1 Ne7 19. R3e2 Rc7
20. Ne5 Nd7 21. Ndf3 Qa6 22. Nxf7 1-0

[Event "PREMIER QUAD, S50209"]
[Site "CCLA"]
[Date "2015.05.01"]
[Round "?"]
[White "Disque, Philip"]
[Black "Pronovost, David"]
[Result "0-1"]
[WhiteElo "1603"]
[BlackElo "1865"]

1. e4 c6 2. d4 d5 3. exd5 cxd5 4. Bd3 Nc6 5. c3 Nf6 6. Bf4 Bg4 7. Qb3 Qd7 
8. Nd2 e6 9. Ngf3 Bd6 10. Ne5 Bxe5 11. dxe5 Nh5 12. g3 Nxf4 13. gxf4 a6 
14. Rg1 Bh5 15. Qb6 Rc8 16. f3 Qc7 17. Qf2 O-O 18. Qg3 g6 19. Qh4 Qb6 20. 
Ke2 Qxb2 21. Qxh5 Qxa1 22. Qg5 Qxc3 23. Qf6 Nd4+ 24. Ke3 Qc5 25. Rxg6+ 
fxg6 0-1

[Event "Winter Series, S50031"]
[Site "CCLA"]
[Date "2015.01.28"]
[Round "?"]
[White "Lines, Daniel"]
[Black "Blankenship, Jerry T."]
[Result "0-1"]
[WhiteElo "1419"]
[BlackElo "1564"]

1. d4 Nf6 2. c4 c5 3. e3 cxd4 4. exd4 d5 5. Bd3 Nc6 6. Nf3 Bg4 7. cxd5 
Bxf3 8. Qxf3 Qxd5 9. Qxd5 Nxd5 10. Be4 e6 11. Bxd5 exd5 12. Be3 Bb4+ 13. 
Bd2 Bxd2+ 14. Nxd2 Nxd4 15. O-O O-O 16. Rad1 Rfe8 17. Rfe1 Nc2 18. Rxe8+ 
Rxe8 19. Kf1 Rd8 20. Nf3 d4 21. Rd2 Nb4 22. Rxd4 Rxd4 23. Nxd4 Nxa2 24. 
Ke2 Nb4 25. Nf5 Kf8 26. Nd6 b6 27. Nc8 Nc6 28. Nd6 g6 29. Kd3 Ke7 30. Nc4 
Ke6 31. Ke4 f5+ 32. Kf4 h6 33. Ne3 g5+ 34. Kf3 b5 35. g4 Nd4+ 0-1

[Event "Summer Series, S50331"]
[Site "CCLA"]
[Date "2015.07.25"]
[Round "?"]
[White "Simonson, Jay"]
[Black "Anderson, Lawrence D."]
[Result "1-0"]
[WhiteElo "1404"]
[BlackElo "1435"]

1. e4 c5 2. c3 d5 3. exd5 Nf6 4. d4 cxd4 5. cxd4 Nxd5 6. Nc3 g6 7. Bb5+ 
Nc6 8. Qa4 Qd6 9. Nxd5 Qxd5 10. Nf3 Bg7 11. O-O 1-0

[Event "2015 NA Server Ch (CCLA Rules), S50169"]
[Site "CCLA"]
[Date "2015.04.27"]
[Round "?"]
[White "Belanoff, Stuart"]
[Black "Gredescul, Andrea"]
[Result "1/2-1/2"]
[WhiteElo "2264"]
[BlackElo "2166"]

1. e4 c6 2. d4 d5 3. exd5 cxd5 4. c4 Nf6 5. Nc3 g6 6. cxd5 Bg7 7. Bc4 O-O 
8. Nge2 Na6 9. O-O Nc7 10. Qb3 b5 11. Bxb5 Rb8 12. Bf4 Nfxd5 13. Nxd5 Rxb5
14. Bxc7 Qxd5 15. Qxd5 Rxd5 16. Rfe1 Ba6 17. Nc3 Rxd4 18. Rxe7 Rd2 19. Bf4
Rxb2 20. Rxa7 Bc4 21. Rc7 1/2-1/2

[Event "2015 Regular Quad, S50039"]
[Site "CCLA"]
[Date "2015.02.02"]
[Round "?"]
[White "Pronovost, David"]
[Black "Metz, Edward"]
[Result "1-0"]
[WhiteElo "1731"]
[BlackElo "1397"]

1. c4 c6 2. Nc3 Nf6 3. e4 d5 4. exd5 cxd5 5. d4 e6 6. Nf3 g6 7. c5 a6 8. 
Bf4 Bg7 9. Be2 Nc6 10. O-O Nh5 11. Bd6 b6 12. Na4 bxc5 13. dxc5 Nf6 14. 
Nb6 Ra7 15. Qa4 Bb7 16. Nd4 Nd7 17. Nxc6 Bxc6 18. Qxc6 Bxb2 19. Rab1 Ba3 
20. Nxd7 Qxd7 21. Rb8# 1-0

[Event "Summer Series, S50311"]
[Site "CCLA"]
[Date "2015.07.25"]
[Round "?"]
[White "Hadley, Douglas R."]
[Black "Disque, Philip"]
[Result "1/2-1/2"]
[WhiteElo "1660"]
[BlackElo "1614"]

1. e4 c6 2. d4 d5 3. Nc3 dxe4 4. Nxe4 Nd7 5. Nf3 Ngf6 6. Nxf6+ Nxf6 7. Bc4
e6 8. O-O b5 9. Bd3 Qb6 10. c3 Bb7 11. Bf4 Nd5 12. Bg3 Be7 13. Qd2 c5 14. 
Rfe1 c4 15. Bc2 f6 16. Re2 Kf7 17. Rae1 Nc7 18. Be4 Nd5 19. Bf5 Bc8 20. 
Be4 Qc6 21. Qc2 g6 22. h3 Bd6 23. Bxd6 Qxd6 24. Qd2 h6 25. g3 Bd7 26. Nh2 
Rae8 27. f4 h5 28. h4 Bc6 29. Nf3 Rhg8 30. Kf2 a5 31. a3 a4 32. Bxd5 Qxd5 
33. Re3 Re7 34. Ke2 Rge8 35. Kd1 Qf5 36. Qc2 Qg4 37. Qf2 Bxf3+ 38. Qxf3 
Qxf3+ 39. Rxf3 Rd7 40. Re2 Rd5 41. Ke1 f5 42. Rfe3 Re7 1/2-1/2

[Event "2015 Server Team Ch - Div 2"]
[Site "CCLA"]
[Date "2015.10.30"]
[Round "?"]
[White "Crevani, Mirta"]
[Black "Gredescul, Andrea"]
[Result "0-1"]
[WhiteElo "1929"]
[BlackElo "2070"]
[Board "3"]
[WhiteTeam "SchemingMind C"]
[BlackTeam "Queen & Knights"]

1. e4 c6 2. d4 d5 3. Nd2 dxe4 4. Nxe4 Nd7 5. Ng5 Ngf6 6. Bd3 e6 7. Qe2 Bd6
8. N1f3 h6 9. Ne4 Nxe4 10. Qxe4 Qc7 11. Qg4 Kf8 12. Nd2 e5 13. Nc4 Nb6 14.
 Qh4 Nxc4 15. Bxc4 Bf5 16. dxe5 Bxe5 17. O-O g5 18. Qh5 Bxc2 19. f4 Bg6 
20. Qg4 Bd4+ 21. Kh1 Rd8 22. f5 Bh7 23. Qh3 b5 24. Bb3 f6 25. Be3 Kg7 26. 
Bxd4 Rxd4 27. Qc3 Rhd8 28. Rac1 R4d6 29. Qc5 Qb6 30. Qc3 Qc7 31. a4 a6 32.
 axb5 axb5 33. Be6 Bg8 34. Bxg8 Kxg8 35. Qf3 Kg7 36. Qh5 Qf7 37. Qf3 Rc8 
38. b4 Qd7 39. Qh5 Qf7 40. Qf3 Rd5 41. Qf2 Qd7 42. h3 h5 43. Qe2 Rxf5 44. 
Rxf5 Qxf5 45. Qxh5 c5 46. bxc5 Rxc5 47. Rxc5 Qxc5 48. Qd1 Qc8 49. Qe2 Qc1+
50. Kh2 Qc7+ 51. Kh1 b4 52. h4 Qc1+ 53. Kh2 Qf4+ 54. g3 Qe5 55. Qg4 b3 56.
 Qd7+ Kh6 57. hxg5+ Qxg5 58. Qd8 Qh5+ 59. Kg1 Qc5+ 60. Kg2 Qc2+ 61. Kh3 
Qf5+ 62. g4 Qe6 63. Qd2+ Kg7 0-1

[Event "2015 NA Class C-Rd1 Sect 1, S50091"]
[Site "CCLA"]
[Date "2015.04.27"]
[Round "?"]
[White "Smiley, William R."]
[Black "Sanchez, David A."]
[Result "1-0"]
[WhiteElo "1587"]
[BlackElo "1449"]

1. e4 c6 2. d4 d5 3. Nc3 dxe4 4. Nxe4 Nd7 5. Bd3 Ngf6 6. Ng5 e6 7. N1f3 
Bd6 8. Qe2 h6 9. Ne4 Nxe4 10. Qxe4 Qc7 11. O-O b6 12. Re1 Bb7 13. Qg4 Kf8 
14. Qh3 Nf6 15. Ng5 c5 16. Nf3 Nd5 17. c3 Bf4 18. Bc2 Bxc1 19. Raxc1 Nf4 
20. Qg3 Ba6 21. Ne5 Ne2+ 22. Rxe2 1-0

[Event "Premier Quad, S50119"]
[Site "CCLA"]
[Date "2015.03.23"]
[Round "?"]
[White "Hansen, Michael"]
[Black "Pronovost, David"]
[Result "1/2-1/2"]
[WhiteElo "1754"]
[BlackElo "1865"]

1. e4 c6 2. d4 d5 3. Nc3 dxe4 4. Nxe4 Nd7 5. Bd3 Ngf6 6. Ng5 e6 7. N1f3 
Bd6 8. Qe2 h6 9. Ne4 Nxe4 10. Qxe4 Nf6 11. Qe2 O-O 12. Bd2 Re8 13. O-O-O 
b6 14. Rhg1 Qc7 15. g4 Nd5 16. h4 Nf4 17. Bxf4 Bxf4+ 18. Kb1 Bb7 19. g5 c5
20. gxh6 Bxh6 21. Ne5 cxd4 22. Ng4 Qf4 23. Nxh6+ Qxh6 24. Rg4 e5 25. Rdg1 
Rad8 26. Rxg7+ Qxg7 27. Rxg7+ Kxg7 28. Qh5 Rd6 29. Qh7+ Kf6 30. Kc1 Bd5 
31. Qh6+ Ke7 32. Qh5 e4 33. Qe5+ Re6 34. Qc7+ Kf6 35. Bb5 Rg8 36. b3 Rg2 
37. h5 d3 38. h6 d2+ 39. Kxd2 e3+ 40. Kc1 Rxf2 41. Bd3 Be4 42. Qc3+ Kf5 
43. h7 Rh2 44. h8=Q Rxh8 45. Qxh8 Bxd3 46. cxd3 e2 47. Qh5+ Kf6 1/2-1/2

[Event "2015 Regular Quad, S50039"]
[Site "CCLA"]
[Date "2015.02.02"]
[Round "?"]
[White "Williams, Rufus H."]
[Black "Pronovost, David"]
[Result "0-1"]
[WhiteElo "1309"]
[BlackElo "1731"]

1. e4 c6 2. d4 d5 3. Nc3 dxe4 4. Nxe4 Nd7 5. Bc4 Ngf6 6. Qd3 Nxe4 7. Qxe4 
Nf6 8. Qd3 b5 9. Bb3 Bb7 10. Bf4 Qa5+ 11. Bd2 Qc7 12. Bxf7+ Kxf7 13. Qb3+ 
e6 14. Nf3 Rd8 15. Ng5+ Ke8 16. O-O Bc8 17. Rfe1 Rd5 18. Nxe6 Bxe6 19. 
Rxe6+ Kf7 20. Rae1 Qd7 21. Qf3 Rxd4 22. Rxf6+ gxf6 23. Qh5+ Kg7 24. Bh6+ 
Kg8 25. h3 Bxh6 26. Qxh6 Rd1 27. Rxd1 Qxd1+ 28. Kh2 Qd4 29. c3 Qxf2 30. b3
Qf5 31. a4 Qe5+ 32. Kg1 Qg5 33. Qxg5+ fxg5 34. g4 Kf7 35. Kf2 bxa4 36. 
bxa4 Re8 37. Kf3 Re5 38. Kg3 Re3+ 39. Kg2 Rxc3 40. Kh2 Rd3 41. Kg2 c5 0-1

[Event "Winter Series, S50061"]
[Site "CCLA"]
[Date "2015.01.28"]
[Round "?"]
[White "Anderson, Lawrence D."]
[Black "Ritzmann, Andrew M."]
[Result "0-1"]
[WhiteElo "1435"]
[BlackElo "1333"]

1. e4 c6 2. d4 d5 3. Nc3 dxe4 4. Nxe4 Bf5 5. Ng3 e6 6. Be2 Nf6 7. Nf3 Be7 
8. O-O O-O 9. Bf4 Bd6 10. Bxd6 Qxd6 11. Re1 Nbd7 12. Nxf5 exf5 13. Bc4 
Rae8 14. Qd2 Ne4 15. Qd3 b5 16. Bb3 Qb4 17. c3 Qd6 18. Rad1 Ndf6 19. Ne5 
g6 20. Bxf7+ Rxf7 21. b3 Rfe7 22. c4 bxc4 23. bxc4 c5 24. Nf3 cxd4 25. Kf1
Nc3 26. Rxe7 Rxe7 27. Qxd4 Qxd4 28. Rxd4 Nxa2 29. c5 Nc3 30. c6 Nb5 31. 
Rd8+ Ne8 32. Nd4 Nxd4 33. Rc8 Nc2 34. f4 Nd4 35. c7 Kf7 36. g3 Nxc7 37. 
Kf2 Re2+ 38. Kg1 Nf3+ 39. Kf1 Rc2 40. h4 h5 0-1

[Event "2015 Server Team Ch - Div 1, S51999"]
[Site "CCLA"]
[Date "2015.10.30"]
[Round "?"]
[White "Thompson, Brian"]
[Black "Blake, Michael J."]
[Result "0-1"]
[WhiteElo "2343"]
[BlackElo "2190"]
[Board "6"]
[WhiteTeam "BCCA Kings"]
[BlackTeam "Gustafson Winners"]

1. e4 c6 2. d4 d5 3. Nc3 dxe4 4. Nxe4 Bf5 5. Ng3 Bg6 6. Bc4 e6 7. N1e2 Nf6
8. O-O Nbd7 9. f4 Nb6 10. Bd3 Bxd3 11. Qxd3 g6 12. c4 Bg7 13. f5 Qd7 14. 
b3 exf5 15. Ba3 h5 16. Rfd1 O-O-O 17. Bc5 h4 18. Nf1 Ne4 19. Bxb6 axb6 20.
 Rac1 Rhe8 21. b4 Qe7 22. Rb1 h3 23. d5 hxg2 24. Nd2 Qh4 25. Ng3 Nxg3 26. 
Nf3 Qh3 0-1

[Event "2015 Server Team Ch - Div 2"]
[Site "CCLA"]
[Date "2015.10.30"]
[Round "?"]
[White "Catania, Duane"]
[Black "Hamer, John"]
[Result "0-1"]
[WhiteElo "1720"]
[BlackElo "1910"]
[Board "4"]
[WhiteTeam "Big Red Fuzzy"]
[BlackTeam "SchemingMind C"]

1. e4 c6 2. d4 d5 3. Nc3 dxe4 4. Nxe4 Bf5 5. Ng3 Bg6 6. Nf3 Nd7 7. Bd3 
Ngf6 8. O-O e6 9. c4 Bd6 10. Bg5 O-O 11. Re1 Qc7 12. a3 Bxd3 13. Qxd3 c5 
14. Rad1 cxd4 15. Nxd4 Ne5 16. Qe2 Qxc4 17. Bxf6 gxf6 18. Qh5 Rfd8 19. Qh6
Bf8 20. Qf4 Nd3 21. Qg4+ Kh8 22. Re4 f5 23. Ndxf5 exf5 24. Qxf5 Qc2 25. 
Rf1 Qxb2 26. Rh4 Qg7 27. Rg4 Qe5 28. Qxf7 Bxa3 29. Nf5 Rf8 30. Nh6 Qe7 31.
 Qb3 Ne5 32. Re4 Bd6 33. Qh3 Qf6 34. Rh4 Ng6 35. Re4 Nf4 0-1

[Event "Premier Quad, S50249"]
[Site "CCLA"]
[Date "2015.05.29"]
[Round "?"]
[White "Catania, Duane"]
[Black "Beavan, Robert"]
[Result "0-1"]
[WhiteElo "1684"]
[BlackElo "1969"]

1. e4 c6 2. d4 d5 3. Nc3 dxe4 4. Nxe4 Bf5 5. Ng3 Bg6 6. Nf3 Nd7 7. Bd3 e6 
8. O-O Ngf6 9. Re1 Bd6 10. Bg5 Bxd3 11. Qxd3 O-O 12. Rad1 Qc7 13. c4 h6 
14. Bc1 Rfd8 15. Qb3 Rab8 16. Re2 a6 17. Rde1 c5 18. Qc2 cxd4 19. Nxd4 Nb6
20. b3 Bxg3 21. Nxe6 Bxh2+ 22. Kh1 fxe6 23. Rxe6 Bd6 24. c5 Qxc5 25. Qg6 
Qxf2 0-1

[Event "2015 Server Team Ch - Div 2"]
[Site "CCLA"]
[Date "2015.10.30"]
[Round "?"]
[White "Graupera, Carlos"]
[Black "Hoffman, Dwayne"]
[Result "0-1"]
[WhiteElo "1477"]
[BlackElo "1863"]
[Board "6"]
[WhiteTeam "Big Red Fuzzy"]
[BlackTeam "Chairmen of the Board"]

1. e4 c6 2. d4 d5 3. Nc3 dxe4 4. Nxe4 Bf5 5. Ng3 Bg6 6. h4 h6 7. h5 Bh7 8.
 Bd3 Qxd4 9. Nf3 Qd6 10. O-O Bxd3 11. cxd3 Nd7 12. Ne4 Qd5 13. Ng3 Ngf6 
14. Re1 e6 15. d4 Bd6 16. Qb3 Qxb3 17. axb3 Bxg3 18. fxg3 Nxh5 19. g4 Nhf6
20. g5 hxg5 21. Nxg5 Rh4 22. Nf3 Rg4 23. Bd2 Nd5 24. Bc3 Nf4 0-1

[Event "2015 Server Team Ch - Div 2"]
[Site "CCLA"]
[Date "2015.10.30"]
[Round "?"]
[White "Huff, David C."]
[Black "Abbey, William"]
[Result "0-1"]
[WhiteElo "1857"]
[BlackElo "1923"]
[Board "5"]
[WhiteTeam "SchemingMind C"]
[BlackTeam "Queen & Knights"]

1. e4 c6 2. d4 d5 3. Nc3 dxe4 4. Nxe4 Bf5 5. Ng3 Bg6 6. h4 h6 7. Nf3 Nd7 
8. Bd3 Bxd3 9. Qxd3 Ngf6 10. Bf4 Qa5+ 11. Bd2 Qc7 12. O-O-O e6 13. Kb1 Be7
14. Ne4 Rd8 15. Nxf6+ Nxf6 16. Ne5 O-O 17. Bf4 Bd6 18. c4 c5 19. Qe2 cxd4 
20. Rxd4 Qc5 21. Rhd1 Be7 22. Rxd8 Rxd8 23. Rxd8+ Bxd8 24. Qe3 Qa5 25. Nd3
b5 26. c5 Nd5 27. Qg3 Bf6 28. h5 Qa4 29. Bxh6 Nb4 30. Nxb4 Qxb4 31. Bc1 
Qe4+ 32. Ka1 Qc2 33. Qb8+ Kh7 34. Qf4 Be5 35. Qg5 b4 36. f3 a5 37. Qe3 Kg8
38. h6 Bd4 39. Qf4 e5 40. Qg5 g6 41. c6 a4 42. c7 Qxc7 43. Qd2 b3 44. a3 
Qc2 45. Qxc2 bxc2 46. g4 f5 47. gxf5 gxf5 48. Ka2 f4 49. b3 e4 50. fxe4 f3
51. b4 f2 52. b5 f1=Q 53. Bb2 Qb1# 0-1

[Event "Winter Series, S50021"]
[Site "CCLA"]
[Date "2015.01.28"]
[Round "?"]
[White "Fausey, Verna M."]
[Black "Miktarian, Harry J."]
[Result "0-1"]
[WhiteElo "1718"]
[BlackElo "1817"]

1. e4 c6 2. d4 d5 3. Nc3 dxe4 4. Nxe4 Bf5 5. Ng3 Bg6 6. h4 h6 7. Nf3 Nd7 
8. h5 Bh7 9. Bd3 Ngf6 10. Bxh7 Nxh7 11. Qd2 e6 12. Qc3 Be7 13. Bd2 O-O 14.
 O-O-O Nhf6 15. Qd3 c5 16. Kb1 Rc8 17. Rhe1 c4 18. Qe2 Nd5 19. Ne4 Qb6 20.
 Ka1 Qa6 21. g3 Qa4 22. c3 Rc6 23. Ne5 Nxe5 24. dxe5 Ra6 25. a3 Bxa3 26. 
Kb1 Bxb2 0-1

[Event "2015 Server Team Ch - Div 1, S51999"]
[Site "CCLA"]
[Date "2015.10.30"]
[Round "?"]
[White "Pedersen, Roger"]
[Black "Blake, Michael J."]
[Result "1/2-1/2"]
[WhiteElo "1926"]
[BlackElo "2190"]
[Board "6"]
[WhiteTeam "Paul Morphy's Hair"]
[BlackTeam "Gustafson Winners"]

1. e4 c6 2. d4 d5 3. Nd2 dxe4 4. Nxe4 Bf5 5. Ng3 Bg6 6. h4 h6 7. Nf3 Nd7 
8. h5 Bh7 9. Bd3 Bxd3 10. Qxd3 e6 11. Nd2 Ngf6 12. O-O Bd6 13. Nde4 Bc7 
14. Qf3 Qe7 15. Bf4 Bxf4 16. Qxf4 O-O 17. Rfd1 Nd5 18. Qf3 Qh4 19. Rac1 
N5f6 20. Nd6 Rab8 21. c4 Ne8 22. Nxe8 Rfxe8 23. Ne4 Red8 24. b3 f5 25. Nc5
Nxc5 26. dxc5 Qe7 27. b4 a5 28. a3 axb4 29. axb4 Rxd1+ 30. Rxd1 Rd8 31. g3
Rxd1+ 32. Qxd1 e5 33. Qd6 Qe8 34. Qc7 e4 35. Qxb7 e3 36. Kf1 Qe4 37. Ke2 
exf2+ 38. Kxf2 Qd4+ 39. Kg2 Qe4+ 40. Kf2 Qd4+ 41. Kg2 Qe4+ 42. Kf2 1/2-1/2

[Event "2015 Server Team Ch - Div 2"]
[Site "CCLA"]
[Date "2015.10.30"]
[Round "?"]
[White "Bedard, Eugene"]
[Black "Ellis, James R."]
[Result "0-1"]
[WhiteElo "1651"]
[BlackElo "2085"]
[Board "2"]
[WhiteTeam "SchemingMind C"]
[BlackTeam "Chairmen of the Board"]

1. e4 c6 2. d4 d5 3. Nc3 dxe4 4. Nxe4 Bf5 5. Ng3 Bg6 6. h4 h6 7. Nf3 Nd7 
8. h5 Bh7 9. Bd3 Bxd3 10. Qxd3 e6 11. Bf4 Qa5+ 12. Bd2 Bb4 13. c3 Be7 14. 
c4 Qc7 15. O-O-O Ngf6 16. Kb1 O-O 17. Qc2 Rfd8 18. Bc1 Rac8 19. Rh4 b5 20.
 Bf4 Qb7 21. Qb3 a5 22. Bd2 a4 23. Qc2 bxc4 24. Ba5 Re8 25. Qxc4 Nd5 26. 
Rhh1 Rb8 27. Bc3 Rec8 28. Ne5 c5 29. dxc5 Nxc3+ 30. Qxc3 Nxe5 31. f3 Rxc5 
32. Qd4 Nc4 33. Rd3 Qxb2+ 34. Qxb2 Nxb2 35. Rb3 axb3 36. a3 Nd3 37. Ne4 
Rc2 38. Rd1 Bxa3 39. Rf1 Rbc8 0-1